000 00623nam a2200193 a 4500
001 BRCA_2318
005 20190320203746.0
008 200808s2007----mx-a---###---#000-0#spa-#
020 _a9789708260114
050 4 _aNA5257.E8
_b.C66 2007
245 1 0 _aConventos mexiquenses
_besplendor del arte virreinal.
260 _aMéxico
_bGobierno del Estado de México
_c2007
300 _a298 p.
_bil. a color
_c33 cm.
440 0 _aColección Mayor
_96967
504 _aBibliografía : p. [303-305]
650 1 4 _aConventos
_xHistoria
_zEstado de México
_96968
650 1 4 _aArte virreinal
_zEstado de México
_96969
942 _2lcc
_cB
999 _c2063
_d2063